| 000 | 005650000a22002050004500 | ||
|---|---|---|---|
| 003 | LK-CoMWRAF | ||
| 005 | 20231213175519.0 | ||
| 008 | 230817t1993 ||||| |||| 00| 0 eng d | ||
| 020 | _a0195626591 | ||
| 040 |
_aLK-CoMWRAF _dLK-CoMWRAF _eLK-CoMWRAF |
||
| 041 | _aeng | ||
| 082 |
_a423 _bCON |
||
| 245 | _aThe Concise Oxford Dictionary of current English | ||
| 250 | _a8th. ed. | ||
| 260 |
_aNew Delhi: _bOxford University press, _c1993 |
||
| 300 | _axxxiv, 1454 p. ; 25 cm | ||
| 650 | _aENGLISH LANGUAGE-Dictionaries. | ||
| 700 |
_aAllen, R.R. _eed. |
||
| 942 | _cREF | ||
| 999 |
_c73 _d73 |
||